000 00549nam a2200145Ia 4500
008 100122s9999 xx 000 0 und d
082 _b71137
_a808.5
100 _aचिपळूणकर विद्याधर वि
245 _aउत्कृष्टाचा ध्यास
260 _bपुणे विद्यार्थी गृह प्रकाशन
_c2007
300 _a200
630 _aउत्कृष्टाचा ध्यास
730 _aउत्कृष्टाचा ध्यास
942 _cBOOK
999 _c441804
_d441801